| 000 | 01477cam a2200385 i 4500 | ||
|---|---|---|---|
| 001 | 205131 | ||
| 003 | EG-ScBUE | ||
| 005 | 20240924133350.0 | ||
| 008 | 990622t1999 maua f b 001 0 eng d | ||
| 020 | _a0738202339 (pbk.) | ||
| 020 | _a9780738202334 (pbk.) | ||
| 040 |
_aDLC _beng _erda _cDLC _dDLC _dEG-ScBUE |
||
| 082 | 0 | 4 |
_a512.55 _222 _bGEO |
| 100 | 1 |
_aGeorgi, Howard, _eauthor. _924411 |
|
| 245 | 1 | 0 |
_aLie algebras in particle physics / _cHoward Georgi. |
| 246 | 1 |
_iOther title information on cover: _aFrom isospin to unified theories |
|
| 250 | _aSecond edition. | ||
| 264 | 1 |
_aReading, Mass. : _bPerseus Books, _c[1999] |
|
| 264 | 4 | _cc1999 | |
| 300 |
_axviii, 320 pages : _billustrations ; _c24 cm. |
||
| 336 |
_2rdacontent _atext _btxt |
||
| 337 |
_aunmediated _2rdamedia _bn |
||
| 338 |
_avolume _bnc _2rdacarrier |
||
| 490 | 0 | _aFrontiers in physics | |
| 504 | _aIncludes bibliographical references and index. | ||
| 650 | 7 |
_aLie algebras. _2BUEsh _924412 |
|
| 650 | 7 |
_aParticles (Nuclear physics) _2BUEsh _924413 |
|
| 650 | 7 |
_aS-matrix theory. _2BUEsh _924414 |
|
| 653 | _cMay2011 | ||
| 655 | _vReading book | ||
| 856 | 4 | 2 |
_3Contributor biographical information _uhttp://www.loc.gov/catdir/enhancements/fy0831/99064878-b.html |
| 856 | 4 | 2 |
_3Publisher description _uhttp://www.loc.gov/catdir/enhancements/fy0831/99064878-d.html |
| 942 |
_2ddc _cBB |
||
| 999 |
_c15465 _d15465 |
||